|
|
|
|
| LEADER |
00000cam a2200000 7i4500 |
| 001 |
0000065949 |
| 005 |
20160825.0 |
| 008 |
160825 |
| 020 |
|
|
|a 9789674602963
|
| 090 |
0 |
0 |
|a 899.231
|b FIR
|
| 100 |
0 |
|
|a Firdhaus Hassan
|
| 245 |
0 |
0 |
|a Kumpulan puisi :
|b angin
|c Firdhaus Hassan
|
| 260 |
|
|
|a Kuala Lumpur :
|b Institut Terjemahan & Buku Malaysia Berhad ,
|c 2016
|
| 300 |
|
|
|a 91p. :
|b col.,ill. ;
|c 19cm.
|
| 490 |
0 |
|
|a Kumpulan puisi
|
| 500 |
|
|
|a Puisi
|
| 650 |
|
0 |
|a Malay poetry
|
| 999 |
|
|
|a 0001401335
|b Book
|c Adult Collection
|e Cawangan Mersing
|
| 999 |
|
|
|a 0001401344
|b Book
|c Adult Collection
|e Cawangan Bandar Penawar
|
| 999 |
|
|
|a 0001401347
|b Book
|c Adult Collection
|e Cawangan Muar
|
| 999 |
|
|
|a 0001401350
|b Book
|c Adult Collection
|e Cawangan Segamat
|
| 999 |
|
|
|a 0001402076
|b Book
|c Adult Collection
|e Cawangan Taman Sri Lambak
|
| 999 |
|
|
|a 0001402077
|b Book
|c Adult Collection
|e Cawangan Bukit Gambir
|
| 999 |
|
|
|a 0001402078
|b Book
|c Adult Collection
|e Cawangan Pontian
|
| 999 |
|
|
|a 0001402079
|b Book
|c Adult Collection
|e Cawangan Segamat
|
| 999 |
|
|
|a 0001402080
|b Book
|c Adult Collection
|e Cawangan Bandar Tenggara
|
| 999 |
|
|
|a 0001402081
|b Book
|c Adult Collection
|e Cawangan Kota Tinggi
|
| 999 |
|
|
|a 0001402082
|b Book
|c Adult Collection
|e Cawangan Tmn. Ungku Tun Aminah
|
| 999 |
|
|
|a 0001402083
|b Book
|c Adult Collection
|e Cawangan Mersing
|
| 999 |
|
|
|a 0001402084
|b Book
|c Adult Collection
|e Cawangan Bandar Penawar
|
| 999 |
|
|
|a 0001402085
|b Book
|c Adult Collection
|e Cawangan Tangkak
|
| 999 |
|
|
|a 0001402086
|b Book
|c Adult Collection
|e Cawangan Batu Pahat
|
| 999 |
|
|
|a 0001402088
|b Book
|c Adult Collection
|e Cawangan Sri Merlong
|
| 999 |
|
|
|a 0001402439
|b Book
|c Adult Collection
|e Perbadanan Perpustakaan Awam Johor
|
| 999 |
|
|
|a 0001402440
|b Book
|c Adult Collection
|e Perbadanan Perpustakaan Awam Johor
|
| 999 |
|
|
|a 0001402441
|b Book
|c Adult Collection
|e Perbadanan Perpustakaan Awam Johor
|
| 999 |
|
|
|a 0001402443
|b Book
|c Adult Collection
|e Cawangan AEON Kulaijaya
|